• 首页
  • 本馆介绍
  • 公告通知
  • 最新文献
  • 馆藏检索
  • 电子资源
  • 读者导购
  • 参考咨询
  • 我的图书馆
  • 登录
  • 详细信息显示
  • 放入我的书架
  • 预约/预借图书
  • 作者相关作品
  • 分类相关作品
  • 丛书相关作品
  • 出版社相关作品

书目信息

  • 表格格式
  • 工作单格式
  • 卡片格式
题名:
双螺旋
    
 
作者: 沃森 著 ;吴家睿 评点
分册:  
出版信息: 北京   科学出版社  2006
页数: 205页
开本: 24cm
丛书名: 20世纪科普经典特藏
单 册:
中图分类: Q523
科图分类:
主题词: 双螺旋--脱氧核糖核酸--生物结构 , 双螺旋 , 脱氧核糖核酸 , 生物结构
电子资源:
ISBN: 7-03-015651-X
000 01300oam2 2200325 450
001 003137263
005 20130701093927.93
010    @a7-03-015651-X@dCNY25.00
100    @a20060119d2006 em y0chiy0110 ea
101 2  @achi@aeng@ceng
102    @aCN@b110000
105    @aa z 000yy
106    @ar
200 1  @a双螺旋@9shuang luo xuan@e发现DNA结构的故事@dThe double helix@ea personal account of discovery of the structure of DNA@f(美)J·D·沃森(James Dewey Watson)著@g吴家睿评点@zeng
210    @a北京@c科学出版社@d2006
215    @a205页@c照片,图@d24cm
225 2  @a20世纪科普经典特藏
330    @aDNA结构的发现是二十世纪最伟大的科学成就。这部书告诉你这一创造性的科学发现是如何发生的。具体包括:生物学的分子基础、富兰克林与DNA双螺旋结构的发现、DNA双螺旋与分子生物学的崛起等。
461  0 @12001 @a20世纪科普经典特藏
510 1  @aDouble helix@ea personal account of discovery of the structure of DNA@zeng
517 1  @a发现DNA结构的故事@9fa xian DNA jie gou de gu shi
606 0  @a双螺旋@x脱氧核糖核酸@x生物结构
606 0  @a双螺旋
606 0  @a脱氧核糖核酸
606 0  @a生物结构
690    @aQ523@v4
701  0 @c(美)@a沃森@9wo sen@c(Watson, James D.@f1928.4~)@4著
702  0 @a吴家睿@9wu jia rui@4评点
801  0 @aCN@bNLC@c20060622
905    @b544507-10@dQ523@e201@f4
    
    双螺旋:发现DNA结构的故事=The double helix:a personal account of discovery of the structure of DNA/(美)J·D·沃森(James Dewey Watson)著/吴家睿评点.-北京:科学出版社,2006
    205页:照片,图;24cm.-(20世纪科普经典特藏)
    
    
    ISBN 7-03-015651-X:CNY25.00
    DNA结构的发现是二十世纪最伟大的科学成就。这部书告诉你这一创造性的科学发现是如何发生的。具体包括:生物学的分子基础、富兰克林与DNA双螺旋结构的发现、DNA双螺旋与分子生物学的崛起等。
●
相关链接 在E读中查询图书 在五车中查询图书 在当当中查询图书 在豆瓣中查询图书


正题名:双螺旋     索取号:Q523/201         预约/预借

序号 登录号 条形码 馆藏地/架位号 状态 备注
1 544507   205445071   第二样本阅览室/ [索取号:Q523/201] 在馆    
2 544508   205445080   第三借阅区/ [索取号:Q523/201] 在馆    
3 544509   205445099   第三借阅区/ [索取号:Q523/201] 在馆    
4 544510   205445106   第三借阅区/ [索取号:Q523/201] 在馆    
唐山师范学院图书馆 欢迎您!
大连网信软件有限公司© 版权所有